000 00934nam a2200277Ia 4500
003 OSt
005 20220930072805.0
006 a|||||r|||| 00| 0
007 ta
008 220926b |||||||| |||| 00| 0 eng d
024 _a24951
037 _cTheses
040 _aCRL
_cCRL
_beng
041 _2eng
_aeng
100 _aArora Sandeep
_9530446
110 _aUniversity of Delhi. Faculty of Medical Sciences. Department of Ophthalmology
_9520086
245 0 _aComparison of limbal autograft with conjunctival autograft transplantation in pterygium surgery
260 _c1998
300 _a85p.
_ap.
_ccm.
650 _a COLLEGES AND UNIVERSITIES
650 _aEYE - DISEASES
_9197938
700 _a Dr V P Gupta Supervisor
_9523227
700 _aUniversity of Delhi. Faculty of Medical Sciences. Department of Ophthalmology
_9520088
942 _cDIS
_2CC
999 _c864324
_d864324